000 01310nam a22002297a 4500
003 NALT
005 20260119094940.0
008 s2553 th tha d
020 _a9781617187297
040 _aNALT
041 _atha
050 _a
090 _aKP 100
_bย349ร 2553
110 2 _aกระทรวงยุติธรรม.
_bสำนักงานคณะกรรมการป้องกันและปราบปรามยาเสพติด
_91226
245 1 0 _aรวมคำพิพากษาที่น่าสนใจเกี่ยวกับกฎหมายยาเสพติด /
_cสำนักงานคณะกรรมการป้องกันและปราบปรามยาเสพติด กระทรวงยุติธรรม.
260 _aกรุงเทพฯ :
_bสำนักกฎหมาย สำนักงานคณะกรรมการป้องกันและปราบปรามยาเสพติด,
_c2553.
300 _a339 หน้า :
_bตาราง ;
_c26 ซม.
650 4 _aคำพิพากษาศาล
_929189
_xคดียาเสพติด
850 _aNALT
856 4 0 _uhttps://hdl.handle.net/20.500.14156/501537
942 _cLB
_2local
999 _c74565
_d74565
998 _j104
_k นางสาวสายฝน ดีงาม